书目信息 |
| 题名: |
琼瑶传奇
|
|
| 作者: | 覃贤茂 著 | |
| 分册: | ||
| 出版信息: | 成都 四川人民出版社 1999.09 |
|
| 页数: | 363页 | |
| 开本: | 32开 | |
| 丛书名: | ||
| 单 册: | ||
| 中图分类: | K825.6 | |
| 科图分类: | ||
| 主题词: | 人物--传记--中国 | |
| 电子资源: | ||
| ISBN: | 7-220-04617-0 | |
| 000 | 00507nam0 2200181 45 | |
| 001 | 0104111014 | |
| 005 | 20010411105615.8 | |
| 010 | @a7-220-04617-0@d21.00元 | |
| 100 | @a20010411d1999 km y0chiy0120 ea | |
| 101 | 0 | @achi |
| 200 | 1 | @a琼瑶传奇@AQiong Yao Chuan Qi@f覃贤茂著@FTan Xian Mao Zhu |
| 210 | @a成都@c四川人民出版社@d1999.09 | |
| 215 | @a363页@d32开 | |
| 606 | 0 | @a人物@x传记@x中国 |
| 690 | @aK825.6@v3 | |
| 701 | 0 | @a覃贤茂@4著 |
| 801 | @aCN@bPftUser@c20010411 | |
| 905 | @b337166-167@dK825.6@eT516/2@f2 | |
| 琼瑶传奇/覃贤茂著.-成都:四川人民出版社,1999.09 |
| 363页;32开 |
| ISBN 7-220-04617-0:21.00元 |
| ● |
| 相关链接 |
|
|
|
正题名:琼瑶传奇
索取号:K825.6/T516/2
 
预约/预借
| 序号 | 登录号 | 条形码 | 馆藏地/架位号 | 状态 | 备注 |
| 1 | 337166 | 203371662 | 社科库309/309社科库 52排4列4层/ [索取号:K825.6/T516/2] | 在馆 | |
| 2 | 337167 | 203371671 | 社科库309/ [索取号:K825.6/T516/2] | 在馆 |